• 首页
  • 本馆介绍
  • 公告通知
  • 最新文献
  • 馆藏检索
  • 电子资源
  • 读者导购
  • 参考咨询
  • 我的图书馆
  • 登录
  • 详细信息显示
  • 放入我的书架
  • 预约/预借图书
  • 作者相关作品
  • 分类相关作品
  • 丛书相关作品
  • 出版社相关作品

书目信息

  • 表格格式
  • 工作单格式
  • 卡片格式
题名:
中国动物志
    
 
作者: ;刘静 著 ;中国科学院 主编
分册: 四   硬骨鱼纲
出版信息: 北京   科学出版社  2016.03
页数: 311页
开本: 26cm
丛书名:
单 册:
中图分类: Q958.52 , Q959.4 , Q959.483
科图分类:
主题词: 动物志--中国 , 鱼纲--动物志--中国 , 鲈形目--动物志--中国
电子资源:
ISBN: 978-7-03-047316-5
000 01633nam0 2200313 450
001 4674
005 20181015085133.23
010    @a978-7-03-047316-5@b精装@dCNY158.00
100    @a20160331d2016 em y0chiy0110 ea
101 0  @achi@deng
102    @aCN@b110000
105    @aaf z 001yy
200 1  @a中国动物志@9zhong guo dong wu zhi@i硬骨鱼纲@i鲈形目@h四@b专著@dFauna sinica@iOstichthyes [i.e. Osteichthyes]@iPerciformes@hIV@f刘静等著@g中国科学院中国动物志编辑委员会主编@zeng
210    @a北京@c科学出版社@d2016.03
215    @a311页@c图@d26cm
300    @a国家自然科学基金重大项目 中国科学院知识创新工程重大项目(国家自然科学基金委员会 中国科学院 国家科技部资助)
330    @a本书包括绵鳚亚目、龙亚目、鳚亚目、鱼衔亚目4个亚目的鱼类,共计17科72属184种,其中绵鳚亚目3科7属9种,龙亚目9科21属58种,鳚亚目3科29属77种,鱼衔亚目2科15属40种。记述的各个亚目均以科为单位,逐级进行分类记述,重点记述种级阶元,内容包括形态特征、分类、地理分布和生态习性的描述。对容易混淆、分类上存在争议的种进行了讨论。对部分经济物种的生物学和经济意义也作了简单介绍。每种列有同物异名、形态特征描述和特征图。书后附有参考文献、英文摘要、中名索引、学名索引、附录等。
510 1  @aFauna sinica@iOsteichthyes@iPerciformes@hIV@zeng
510 1  @aFauna sinica@iOstichthyes@iPerciformes@hIV@zeng
606 0  @a动物志@y中国
606 0  @a鱼纲@x动物志@y中国
606 0  @a鲈形目@x动物志@y中国
690    @aQ958.52@v5
690    @aQ959.4@v5
690    @aQ959.483@v5
702  0 @a刘静@9liu jing@4著
711 02 @a中国科学院@9zhong guo ke xue yuan@b中国动物志编辑委员会@4主编
801  0 @aCN@b91MARC@c20160516
905    @aMuseLib@dQ958.52@e11:13(4)
    
    中国动物志.硬骨鱼纲.鲈形目.四=Fauna sinica.Ostichthyes [i.e. Osteichthyes].Perciformes.IV/刘静等著/中国科学院中国动物志编辑委员会主编.-北京:科学出版社,2016.03
    311页:图;26cm
    国家自然科学基金重大项目 中国科学院知识创新工程重大项目(国家自然科学基金委员会 中国科学院 国家科技部资助)
    
    ISBN 978-7-03-047316-5(精装):CNY158.00
    本书包括绵鳚亚目、龙亚目、鳚亚目、鱼衔亚目4个亚目的鱼类,共计17科72属184种,其中绵鳚亚目3科7属9种,龙亚目9科21属58种,鳚亚目3科29属77种,鱼衔亚目2科15属40种。记述的各个亚目均以科为单位,逐级进行分类记述,重点记述种级阶元,内容包括形态特征、分类、地理分布和生态习性的描述。对容易混淆、分类上存在争议的种进行了讨论。对部分经济物种的生物学和经济意义也作了简单介绍。每种列有同物异名、形态特征描述和特征图。书后附有参考文献、英文摘要、中名索引、学名索引、附录等。
●
相关链接 在E读中查询图书 在五车中查询图书 在当当中查询图书 在豆瓣中查询图书


正题名:中国动物志     索取号:Q958.52/11:13(4)         预约/预借

序号 登录号 条形码 馆藏地/架位号 状态 备注
1 1126183   211261837   第二样本阅览室/ [索取号:Q958.52/11:13(4)] 在馆    
2 1126184   211261846   第三借阅区/ [索取号:Q958.52/11:13(4)] 在馆    
唐山师范学院图书馆 欢迎您!
大连网信软件有限公司© 版权所有